000 00357nam a2200133Ia 4500
008 221030s9999 xx 000 0 und d
041 _aEnglish
100 _aR. D. Srivastava
245 4 _aThe Law Pleadings - Drafting & Convefancing
_cby R. D. Srivastava
260 _bCentral Law Agency
_aAllahabad
_c2006
300 _a169
650 _aLaw
942 _cBK
999 _c18990
_d18990